LEADER 00937cam0-22003251i-450- 001 990006063410403321 005 20100910144211.0 035 $a000606341 035 $aFED01000606341 035 $a(Aleph)000606341FED01 035 $a000606341 100 $a20000112d1984----km-y0itay50------ba 101 0 $aita 102 $aIT 105 $ay-------001yy 200 1 $a<>"public contracts" nell'esperienza nell'esperienza britannica$fMarco D'Alberti 210 $aNapoli$cJovene$d1984 215 $aXI, 161 p.$d24 cm 676 $a351.71 700 1$aD'Alberti,$bMarco$f<1948- >$0374539 801 0$aIT$bUNINA$gRICA$2UNIMARC 901 $aBK 912 $a990006063410403321 952 $aVI D 211$b9089*$fFGBC 952 $aXXVII 589$b1940$fDDCIC 952 $aI B 246$b4430$fFSPBC 959 $aDDCIC 959 $aFSPBC 996 $a"public contracts" nell'esperienza nell'esperienza britannica$9578108 997 $aUNINA LEADER 02821cam0-22004451i-450 001 990005005140403321 005 20190410125921.0 012 $aetu- lile a-de ilan (3) 1589 (A)$2fei$5IT-NA0105 035 $a000500514 035 $aFED01000500514 035 $a(Aleph)000500514FED01 035 $a000500514 100 $a19990604d1589----km-y0itay50------ba 101 0 $aita 102 $aIT 140 $aa-----------------bb0------- 200 1 $a<>vago, e dilettevole giardino, ove si leggono gli infelici fini de molti huomini illustri. I varij, & mirabili essempi di virtů, & vitij degli huomini. I fatti, & la morte de' profeti. ... Raccolto dal padre Luigi Contarino crucifero 205 $aDi novo ristampato, et ampliato 210 $aIn Vicenza$cper gli heredi di Perin Libraro$d1589 215 $a[12], 488 [i.e. 504], [56] p.$d4° 303 $aFront. in cornice tipogr. 303 $aIniz. e fregi xilogr. 306 $aMarca (Z55) sul front. 307 $aSegn.: ?? A-2H? 2I? 2K-2M? 2N?. - Numerosi errori nella numerazione (p. 67 erroneamente numerata 63; pp. 122-123 erroneamente numerate 112-113; p. 157 erroneamente numerata 187; p. 160 erroneamente numerata 190; p. 163 erroneamente numerata 173; p. 232 erroneamente numerata 233; p. 233 erroneamente numerata 232; p. 398 erroneamente numerata 198; pp. 405-412 erroneamente numerate 389-396; dopo p. 416 erroneamente ripetute pp. 401-416) 316 $aErroneamente aggiunto il fasc. 2?? di: Aggiunta al vago, e diletteuole giardino del R. padre Luigi Contarini crucifero ...$5IT-NA105: SG 850/B 108 (1) 316 $aPiatto anteriore staccato$5IT-NA0105: SG 850/B 108 (1) 316 $aLegato con: Aggiunta al vago, e diletteuole giardino del R. padre Luigi Contarini crucifero, dall'istesso auttore nouamente composta, nella quale si leggono, Il computo de gli anni del mondo. Gli essempi di virtů, & vitij de gli huomini. Alcuni prencipi, i quali amarono molto i virtuosi. ...$5IT-NA0105: SG 850/B 108 (1) 321 1 $aEDIT16,$cCNCE 13147 421 0$1001990009816030403321 676 $a858$v22$zita 700 1$aContarini,$bLuigi$0494834 719 00$aPerin$ceredi$4650 801 0$aIT$bUNINA$gRICA$2UNIMARC 856 4 $zVisualizza la versione elettronica in SBNWeb$uhttps://books.google.it/books?id=YRcqJmp3OgEC&printsec=frontcover&hl=it&source=gbs_ge_summary_r&cad=0#v=onepage&q&f=false$e20190410 901 $aAQ 912 $a990005005140403321 952 $aSG 850/B 108 (1)$bBib. 43.412$fFLFBC 959 $aFLFBC 996 $aVago, e dilettevole giardino, ove si leggono gli infelici fini de molti huomini illustri. I varij, & mirabili essempi di virtů, & vitij degli huomini. I fatti, & la morte de' profeti. ... Raccolto dal padre Luigi Contarino crucifero$91549688 997 $aUNINA